al-Ṭibb wa-al-ṭaḥnīṭ fī ʿahd al-Farāʿinah /
An account of the arts of medicine and embalming in ancient Egypt. Extracted and translated into Arabic from the works of Jules Guiart, Sir E. Elliot Smith and Louis Reuter, by Anṭūn Zikrī. With Illustrations.
المؤلف الرئيسي:
مؤلفون آخرون: ,
التنسيق: كتاب
اللغة: Arabic
منشور في:
[Cairo] :
Maṭbaʿat al-Saʿādah,
1926.
الموضوعات:
الوسوم: إضافة وسم
رقم الطلب: R135 .D4 1926
| LEADER | 01569namaa2200301 4500 | ||
|---|---|---|---|
| 001 | 21260 | ||
| 003 | OSt | ||
| 005 | 20240318122959.0 | ||
| 008 | 130303s1926 ua a 000 0 ara d | ||
| 952 | |0 0 |1 0 |2 lcc |4 0 |6 R0135 D4 01926 |7 1 |9 10097 |a ARCE |b ARCE |d 2021-02-06 |l 0 |o R135 .D4 1926 |p 1039975 |r 2021-02-06 00:00:00 |w 2021-02-06 |y BK | ||
| 999 | |c 18536 |d 18536 | ||
| 040 | |c ARCE Library | ||
| 043 | |a f-ua--- | ||
| 050 | 4 | |a R135 .D4 1926 | |
| 100 | 1 | |a Guiart, J. |q (Jules), |e author |9 31198 | |
| 245 | 1 | 3 | |6 880-02 |a al-Ṭibb wa-al-ṭaḥnīṭ fī ʿahd al-Farāʿinah / |c taʾlīf (al-ṭibb) Yūliyūs Jiyār, (al-ṭaḥnīṭ) Luwīs Raytar ; taʿrīb Anṭūn Zikrī. |
| 246 | 1 | 4 | |a La medecine & l'embaumement a l'epoque pharaonique. |
| 264 | 1 | |a [Cairo] : |b Maṭbaʿat al-Saʿādah, |c 1926. | |
| 300 | |a 207 pages : |b illustrations ; |c 24 cm. | ||
| 520 | |a An account of the arts of medicine and embalming in ancient Egypt. Extracted and translated into Arabic from the works of Jules Guiart, Sir E. Elliot Smith and Louis Reuter, by Anṭūn Zikrī. With Illustrations. | ||
| 650 | 0 | |a Mummies |z Egypt. | |
| 650 | 0 | |a Embalming |z Egypt. | |
| 650 | 0 | |a Medicine, Egyptian. | |
| 700 | 1 | |a Reuter, Louis. |9 38374 | |
| 700 | 1 | |a Zikrī, Anṭūn. |9 42693 | |
| 880 | 1 | 2 | |6 245-02/(3/r |a الطب و التحنيط في عهد الفراعنة |c تأليف(الطب) يوليوس جيار، (التحنيط) لويس ريتر ؛ تعريب انطون زكري. |
| 901 | |a reviewed | ||
| 942 | |c BK |2 lcc | ||
